Los 100 mejores álbumes del rock argentino - Estadísticas

Estadísticas generales
  • Esta prueba ha sido intentada 59 veces
  • La puntuación promedio es 21 de 100
Estadísticas de respuestas
# Año Artista Álbum % Correcto
4 1986 Patricio Rey y Sus Redonditos de Ricota Oktubre
87%
1 1973 Pescado Rabioso Artaud
85%
2 1983 Charly García Clics Modernos
75%
13 1992 Fito Páez El Amor DespuésDel Amor
74%
6 1969 Almendra Almendra
72%
10 1997 Andrés Calamaro Alta Suciedad
70%
9 1990 Soda Stereo Canción Animal
70%
12 1984 Charly García Piano Bar
62%
17 1979 Serú Girán La Grasa delas Capitales
57%
86 1996 Patricio Rey ySus Redonditos de Ricota Luzbelito
53%
42 1987 Sumo After Chabón
47%
7 1993 Divididos La Era De La Boludez
47%
27 1971 Pappo's Blues Pappo's Blues
45%
25 1986 Soda Stereo Signos
45%
5 1985 Sumo Divididos PorLa Felicidad
43%
66 1972 Sui Generis Vida
42%
26 1982 Charly García Yendo de laCama al Living
42%
33 1989 Patricio Rey y Sus Redonditos de Ricota ¡Bang! ¡Bang!...Estás Liquidado
40%
68 1980 Serú Girán Bicicleta
40%
85 1985 Fito Páez Giros
38%
16 2001 Babasónicos Jessico
38%
14 1971 Vox Dei La Biblia
38%
3 1970 Manal Manal
38%
48 1973 Tango Tango
36%
28 1976 Invisible El Jardín de los Presentes
34%
50 2009 Gustavo Cerati Fuerza Natural
34%
30 1999 Andrés Calamaro Honestidad Brutal
34%
8 1972 Pappo's Blues Pappo's Blues Vol. 2
34%
65 1974 Invisible Invisible
30%
24 1982 Luis AlbertoSpinetta Kamikaze
28%
64 1996 Los Piojos 3er Arco
26%
23 1986 Sumo Llegando los Monos
26%
57 2003 Babasónicos Infame
25%
37 1967 Los Gatos Los Gatos
25%
69 2000 Divididos Narigón del Siglo
25%
73 1977 La Máquina deHacer Pájaros Películas
25%
40 1970 Almendra Almendra II
21%
80 1992 Gustavo Cerati& Daniel Melero Colores Santos
21%
51 1972 Color Humano Color Humano
21%
62 1986 Luis AlbertoSpinetta & Fito Páez La La La
21%
82 1998 Bersuit Vergarabat Libertinaje
21%
31 1974 Sui Generis Pequeñas AnécdotasSobre Las Instituciones
21%
41 1972 Pappo's Blues Pappo's Blues Vol. 3
19%
18 1987 Virus Superficies de Placer
19%
43 1987 Fito Páez Ciudad depobres corazones
17%
59 1996 La Renga Despedazadopor mil partes
15%
61 1990 Attaque 77 El Cielo Puede Esperar
15%
21 1992 Los FabulososCadillacs El León
15%
83 1994 2 Minutos Valentín Alsina
15%
55 1981 Virus Wadu Wadu
15%
46 1972 Aquelarre Aquelarre
13%
38 1995 Illya Kuryaki &The Valderramas Chaco
13%
79 2003 Intoxicados No es sólo Rock and Roll
11%
32 1987 Don Cornelioy La Zona Don Cornelio y La Zona
9%
76 2003 Las Pelotas Esperando el Milagro
9%
84 1982 Los Abuelosde la Nada Los Abuelos de la Nada
9%
20 1983 Los Violadores Los Violadores
9%
19 1973 Pescado Rabioso Pescado 2
9%
29 1983 Los Abuelosde la Nada Vasos y Besos
9%
34 1973 David Lebón David Lebón
8%
22 1985 León Gieco De Ushuaiaa La Quiaca
8%
71 2007 Massacre El mamut
8%
15 1983 Los Twist La Dicha EnMovimiento
8%
54 1983 V8 Luchando por el Metal
8%
77 2001 Leo García Mar
8%
45 1973 Miguel Abuelo Miguel Abueloet Nada
8%
60 1989 Andrés Calamaro Nadie Sale Vivo de Aquí
8%
95 2004 Miranda! Sin Restricciones
8%
74 1999 Fun People The Art(e) of Romance
8%
67 1991 Hermética Ácido Argentino
6%
70 1992 Los Pericos Big Yuyo
6%
47 2000 Catupecu Machu Cuentos Decapitados
6%
44 1994 Todos Tus Muertos Dale Aborigen
6%
63 1991 Los Brujos Fin de Semana Salvaje
6%
36 1998 Ratones Paranoicos Los Chicos Quieren Rock
6%
91 2006 Estelares Sistema Nervioso Central
6%
52 1971 Billy Bond &La Pesada Billy Bond & La Pesadadel Rock and Roll
4%
81 1998 NS/NC Cienfuegos
4%
78 1990 Rata Blanca Magos, Espadas y Rosas
4%
35 1995 Los AuténticosDecadentes Mi Vida Loca
4%
99 1970 Los Gatos Rock de la Mujer Perdida
4%
97 2007 Él Mató a unPolicía Motorizado Un Millón de Euros
4%
39 1972 Pedro y Pablo Conesa
2%
58 1982 Riff Contenidos
2%
96 1985 Fabiana Cantilo Detectives
2%
93 1996 A.N.I.M.A.L. El Nuevo Caminodel Hombre
2%
90 2003 Ariel Minimal& Flopa Flopa Manza Minimal
2%
49 1974 Litto Nebbia Melopea
2%
89 1973 Litto Nebbia Muerte en la Catedral
2%
75 1993 PeligrososGorriones Peligrosos Gorriones
2%
88 2003 Los AuténticosDecadentes Sigue Tu Camino
2%
11 1970 Moris Treinta Minutos de Vida
2%
94 1986 Fricción Consumación o Consumo
0%
87 1999 El Otro Yo Correcaminos
0%
92 1995 Los Cafres Instinto
0%
100 2001 Mimí Maura Raíces de Pasión
0%
72 1993 Los Visitantes Salud Universal
0%
56 1986 Los Encargados Silencio
0%
98 2005 Lucas Martí Simplemente
0%
53 1972 Arco Iris Sudamérica o elRegreso a la Aurora
0%
No se encontraron pruebas coincidentes
Distribución de puntuación
Porcentaje de gente con cada puntuación
Porcentaje por número respondido
Historial de tus puntuaciones
No has intentado esta prueba.